Fundamental laboratory approaches for biochemistry and biotechnology

Gespeichert in:
Bibliographische Detailangaben
Hauptverfasser: Ninfa, Alexander J. (VerfasserIn), Ballou, David P (VerfasserIn), Benore, Marilee (VerfasserIn)
Format: Buch
Sprache:Englisch
Veröffentlicht: Hoboken John Wiley and Sons 2010
Ausgabe:2a. ed
Schlagworte:
Tags: Tag hinzufügen
Keine Tags, Fügen Sie den ersten Tag hinzu!

MARC

LEADER 00000cam a2200000 a 4500
001 UCF6210
003 CL-VaPUC
008 130418e20100000US |||||||||||||||||eng|d
020 |a 9780470087664 
082 0 4 |a 572.078  |b NIN  |2 21 
100 |a Ninfa, Alexander J.  |e author  |9 568249 
700 0 |a Ballou, David P  |e author  |9 568250 
700 0 |a Benore, Marilee  |e author  |9 568251 
245 1 0 |a Fundamental laboratory approaches for biochemistry and biotechnology 
250 |a 2a. ed 
300 |a 458 p 
942 |c BK 
945 |d 20130418 00:00:00  |a cmena 
260 |a Hoboken  |b John Wiley and Sons  |c 2010 
650 0 |a Bioquímica   |9 259492 
650 0 |a Manuales de laboratorio  |9 259429 
650 0 |a Biotecnología   |9 259561 
583 |a last modification  |c 20130418 10:21:00  |k Rodrigo Vera 
999 |c 351523  |d 351521 
952 |0 0  |1 0  |4 0  |6 572_078000000000000_NIN_2010  |7 0  |8 A  |9 455666  |a BIBCUR  |b BIBCUR  |d 2019-11-22  |i 4966139  |l 2  |m 2  |o 572.078 NIN 2010  |p 4966139  |r 2025-04-22  |s 2025-03-13  |w 2019-11-22  |y BK  |k QUI